Direct professional access to barristers (Record no. 102604)
[ view plain ]
| 000 -LEADER | |
|---|---|
| fixed length control field | 01860cam a2200289 4500 |
| 008 - FIXED-LENGTH DATA ELEMENTS--GENERAL INFORMATION | |
| fixed length control field | #DATE n2003 000 0 eng u |
| 020 ## - INTERNATIONAL STANDARD BOOK NUMBER | |
| International Standard Book Number | 1842191330 |
| 035 ## - SYSTEM CONTROL NUMBER | |
| System control number | (Sirsi) u120999 |
| 041 0# - LANGUAGE CODE | |
| Language code of text/sound track or separate title | eng |
| 050 04 - LIBRARY OF CONGRESS CALL NUMBER | |
| Classification number | 333.0062 $2 18 |
| 110 2# - MAIN ENTRY--CORPORATE NAME | |
| Corporate name or jurisdiction name as entry element | Royal Institution of Chartered Surveyors |
| 9 (RLIN) | 4900 |
| 245 00 - TITLE STATEMENT | |
| Title | Direct professional access to barristers |
| Remainder of title | guidance note to assist RICS members in the use of direct access to barristers in England and Wales |
| 250 ## - EDITION STATEMENT | |
| Edition statement | 2nd ed. |
| 260 ## - PUBLICATION, DISTRIBUTION, ETC. | |
| Place of publication, distribution, etc. | Coventry |
| Date of publication, distribution, etc. | 2003 |
| -- | RICS |
| 300 ## - PHYSICAL DESCRIPTION | |
| Extent | vi, 28p. |
| Dimensions | 30cm. |
| 490 #0 - SERIES STATEMENT | |
| Series statement | RICS Guidance Note |
| 490 #0 - SERIES STATEMENT | |
| Series statement | RICS Conditions of Engagement |
| 505 2# - FORMATTED CONTENTS NOTE | |
| Formatted contents note | The Bar of England and Wales -- General considerations relating to DPA -- Steps in using DPA -- Advice in conference -- Arrangements for hearings -- Barristers' fees -- Finding a barrister -- Initial information for the barrister's clerk -- Instructions and briefs: an outline for drafting instructions to counsel; briefs for appearance at a hearing -- Documentation -- The Bar : some practical points -- RICS model terms of engagement of counsel in direct professional access work |
| 520 ## - SUMMARY, ETC. | |
| Summary, etc. | Assists the understanding of the functions of a barrister, the role of a solicitor and when direct professional acesss should be used. Includes "RICS model terms of engagement of counsel in direct professional access work". |
| 650 24 - SUBJECT ADDED ENTRY--TOPICAL TERM | |
| Topical term or geographic name entry element | RICS MODEL TERMS OF ENGAGEMENT OF COUNSEL IN DIRECT PROFESSIONAL ACCESS WORK |
| 650 24 - SUBJECT ADDED ENTRY--TOPICAL TERM | |
| Topical term or geographic name entry element | BAR COUNCIL OF ENGLAND AND WALES LICENSED ACCESS SCHEME |
| 651 #4 - SUBJECT ADDED ENTRY--GEOGRAPHIC NAME | |
| Geographic name | England and Wales |
| Chronological subdivision | 1543- |
| 690 ## - LOCAL SUBJECT ADDED ENTRY--TOPICAL TERM (OCLC, RLIN) | |
| Topical term or geographic name as entry element | MANAGEMENT-DISPUTE AVOIDANCE, MANAGEMENT AND RESOLUTION-DISPUTE MANAGEMENT AND RESOLUTION |
| 856 41 - ELECTRONIC LOCATION AND ACCESS | |
| Uniform Resource Identifier | <a href="https://www.rics.org/Global/Downloads/Direct_Professional_Access.pdf">https://www.rics.org/Global/Downloads/Direct_Professional_Access.pdf</a> |
| Public note | View the guidance free of charge at www.rics.org (member-only access). |
| 942 ## - ADDED ENTRY ELEMENTS (KOHA) | |
| Suppress in OPAC | 0 |
| Withdrawn status | Lost status | Source of classification or shelving scheme | Damaged status | Not for loan | Home library | Current library | Shelving location | Date acquired | Total Checkouts | Full call number | Barcode | Date last seen | Copy number | Price effective from | Koha item type | Date last checked out |
|---|---|---|---|---|---|---|---|---|---|---|---|---|---|---|---|---|
| Dewey Decimal Classification | London | London | RICS Boxes | 15/05/2003 | RICS 2003/18 | 30067206 | 06/08/2019 | 1 | 06/08/2019 | Archive | ||||||
| Dewey Decimal Classification | London | London | RICS Boxes | 15/05/2003 | RICS 2003/18 | 30067207 | 06/08/2019 | 2 | 06/08/2019 | Reference material | ||||||
| Dewey Decimal Classification | London | London | RICS Boxes | 15/05/2003 | 11 | RICS 2003/18 | 30067208 | 06/08/2019 | 3 | 06/08/2019 | Book | 03/07/2006 | ||||
| Dewey Decimal Classification | Virtual | Virtual | Online | 16/08/2006 | ONLINE PUBLICATION | 120999-3001 | 06/08/2019 | 1 | 06/08/2019 | Book |